000
00234nam a2200097Ia 4500
001
852861
005
20250826174522.0
008
250824s9999 xx 000 0 und d
245
0
_a
FORSA
_c
ÖMER SEYFETTİN
260
_b
AKVARYUM YAYINLARI
999
_c
852861
_d
852861